000 00349nam a2200133Ia 4500
008 151001s9999||||xx |||||||||||||| ||und||
100 _aW M. Thayer
245 _aLag-cabin to whote House
250 _a-
260 _bF.L.B. House
260 _c1937
300 _a189
365 _b7
999 _c949633
_d949630